| 000 | 00606nam a2200193 a 4500 | ||
|---|---|---|---|
| 005 | 20230714063546.0 | ||
| 008 | 991125s1956 mx 000 0 spa u | ||
| 035 | _aUPN01000043159 | ||
| 049 | _aLT | ||
| 050 | 4 |
_aLB1577 M6.6 _bD3.6 LE |
|
| 100 | 1 | _aDamián González, Pablo | |
| 245 | 1 | 0 |
_aOrtografía lexicográfica práctica : _b6o. año / _cPablo Damián González |
| 260 |
_aMéxico : _bAvante, _c1956 |
||
| 300 |
_a126 p. : _bil. |
||
| 500 | _a"Abundantes y variados ejercicios" | ||
| 650 | 4 |
_aEspañol _xOrtografía _xEstudio y enseñanza (Elemental) _93024 |
|
| 904 |
_aAC _b043161 |
||
| 905 | _aLibro | ||
| 999 |
_c43159 _d43159 |
||